| 000 | 00522nam a22001817a 4500 | ||
|---|---|---|---|
| 003 | CEME | ||
| 005 | 20210628203659.0 | ||
| 008 | 210318b xxu||||| |||| 00| 0 eng d | ||
| 020 | _a0-471-30759-9 | ||
| 040 | _c. | ||
| 082 | _a004.68 CUR'N | ||
| 100 |
_aPenrod, Paul , Currid, Cheryl , Croes, Tony _966817 |
||
| 245 | _aNetworking with personal netware | ||
| 260 |
_aNEWYORK _bJOHN WILEY _c1994 |
||
| 300 | _a286P | ||
| 650 |
_aNETWARE LOCAL AREA NETWORKS-COMPUTER NETWORKS PERSONAL NETWARE _966818 |
||
| 942 |
_cBK _2ddc |
||
| 999 |
_c574712 _d574712 |
||